[Event "Pinneberg-ch"]
[Site "Pinneberg"]
[Date "2018.08.30"]
[Round "3"]
[White "Mungard, Jens Uwe"]
[Black "Grothkopp, Dietrich"]
[Result "0-1"]
[WhiteElo "1481"]
[BlackElo "1695"]
[PlyCount "112"]
[EventDate "2018.08.16"]
[EventType "swiss"]
[EventRounds "7"]
[EventCountry "GER"]
[SourceTitle "EXT 2019"]
[Source "ChessBase"]
[SourceDate "2018.10.10"]
[SourceVersion "1"]
[SourceVersionDate "2018.10.10"]
[SourceQuality "1"]

1. e4 d5 2. exd5 Qxd5 3. Nc3 Qa5 4. Nf3 Nf6 5. Be2 e5 6. 0-0 Bd6 7. d3 Bf5 8. Bd2 c6 9. Ne4 Qc7 10. Nxd6+ Qxd6 11. Re1 Nbd7 12. Bc3 0-0-0 13. b4 Nd5 14. Qd2 f6 15. a4 N7b6 16. a5 Nxc3 17. axb6 Nxe2+ 18. Rxe2 axb6 19. Qc3 Kc7 20. b5 Ra8 21. bxc6 Qxc6 22. Qxc6+ bxc6 23. Ree1 Bg6 24. h4 Kb7 25. g4 h6 26. Nd2 Rxa1 27. Rxa1 Ra8 28. Rxa8 Kxa8 29. Nc4 Ka7 30. h5 Bf7 31. Nd6 Be6 32. f3 Ba2 33. c3 Bb1 34. d4 exd4 35. cxd4 g6 36. Ne8 gxh5 37. Nxf6 hxg4 38. Nxg4 h5 39. Nh6 b5 40. f4 b4 41. Nf7 b3 42. Ne5 Be4 43. Nc4 Bd5 44. Nb2 Kb6 45. f5 Kc7 46. Kh2 Kd6 47. Kg3 Bf7 48. Kf4 Kd5 49. Ke3 h4 50. Nd3 h3 51. Kf2 Kxd4 52. Nb2 Kc3 53. Na4+ Kc2 54. Kg3 h2 55. Kxh2 b2 56. Nxb2 Kxb2 0-1

[Event "Pinneberg-ch"]
[Site "Pinneberg"]
[Date "2015.09.17"]
[Round "4"]
[White "Mungard, Jens Uwe"]
[Black "Hadlich, Winfried"]
[Result "0-1"]
[WhiteElo "1488"]
[BlackElo "1726"]
[PlyCount "42"]
[EventDate "2015.08.28"]
[EventType "swiss"]
[EventRounds "7"]
[EventCountry "GER"]
[SourceTitle "EXT 2017"]
[Source "ChessBase"]
[SourceDate "2016.10.25"]
[SourceVersion "1"]
[SourceVersionDate "2016.10.25"]
[SourceQuality "1"]

1. e4 c5 2. Nf3 d6 3. d4 cxd4 4. Nxd4 Nf6 5. Nc3 a6 6. Bd3 g6 7. h3 Bg7 8. Nf3 Nbd7 9. 0-0 b5 10. a3 Bb7 11. Re1 0-0 12. Bd2 Nc5 13. Rc1 Qc7 14. b4 Ne6 15. e5 dxe5 16. Ne4 Rfd8 17. Nfg5 Nxg5 18. Nxg5 e4 19. Nxe4 Nxe4 20. Bxe4 Bxe4 21. Rxe4 Bc3 0-1

[Event "Pinneberg-ch"]
[Site "Pinneberg"]
[Date "2015.08.28"]
[Round "1"]
[White "Van Riesen, Klaus"]
[Black "Mungard, Jens Uwe"]
[Result "1-0"]
[WhiteElo "1975"]
[BlackElo "1488"]
[PlyCount "69"]
[EventDate "2015.08.28"]
[EventType "swiss"]
[EventRounds "7"]
[EventCountry "GER"]
[SourceTitle "EXT 2017"]
[Source "ChessBase"]
[SourceDate "2016.10.25"]
[SourceVersion "1"]
[SourceVersionDate "2016.10.25"]
[SourceQuality "1"]

1. d4 d5 2. Nf3 Nf6 3. e3 e6 4. Bd3 Be7 5. 0-0 0-0 6. b3 Nbd7 7. Bb2 Re8 8. Nbd2 Nf8 9. Ne5 N6d7 10. f4 f6 11. Nef3 b6 12. Ne1 c5 13. Qh5 cxd4 14. exd4 f5 15. Nef3 Nf6 16. Qh3 a5 17. Ne5 Qc7 18. c4 Bb7 19. Rac1 dxc4 20. bxc4 Bd6 21. Rfe1 Ne4 22. Nxe4 fxe4 23. Bxe4 Bxe4 24. Rxe4 Qb7 25. Re3 Qe7 26. Rg3 Qf6 27. Qg4 Ra7 28. c5 bxc5 29. dxc5 Bxe5 30. Bxe5 Qg6 31. Qe2 Qh6 32. c6 Ng6 33. Qe3 Rc8 34. Rxg6 Qxg6 35. Qxa7 1-0

[Event "Pinneberg op Seniors 13th"]
[Site "Pinneberg"]
[Date "2012.07.12"]
[Round "4"]
[White "Sagitow, Kamil"]
[Black "Mungard, Jens Uwe"]
[Result "1-0"]
[WhiteElo "1502"]
[BlackElo "1506"]
[PlyCount "91"]
[EventDate "2012.06.21"]
[EventType "swiss"]
[EventRounds "7"]
[EventCountry "GER"]
[SourceTitle "EXT 2013"]
[Source "ChessBase"]
[SourceDate "2012.11.22"]
[SourceVersion "1"]
[SourceVersionDate "2012.11.22"]
[SourceQuality "1"]

1. e4 e5 2. Nf3 Nc6 3. Bb5 d6 4. c3 Bd7 5. d4 a6 6. Bc4 h6 7. d5 Nb8 8. Nbd2 c6 9. dxc6 Nxc6 10. 0-0 Nf6 11. Re1 Be7 12. Qc2 b5 13. Bd3 0-0 14. a3 Nh5 15. Nf1 Be6 16. Be2 Nf6 17. Ng3 Na5 18. Nd2 Rc8 19. Qd3 Nc4 20. Nxc4 Bxc4 21. Qf3 Bxe2 22. Rxe2 Qd7 23. Nf5 Kh7 24. Qh3 Ng8 25. Qg3 g6 26. Ne3 Qe6 27. a4 Bg5 28. axb5 Bxe3 29. Bxe3 axb5 30. Rd1 Rc6 31. Red2 g5 32. h3 f5 33. exf5 Rxf5 34. Qg4 Nf6 35. Qb4 d5 36. Qxb5 Kg6 37. Qe2 e4 38. Bd4 Nd7 39. b4 Ne5 40. Ra2 Nc4 41. Ra7 Rf7 42. Rda1 Rcc7 43. Ra8 Ne5 44. b5 Rf6 45. R8a6 Qf7 46. Bxe5 1-0

[Event "Pinneberg op Seniors 13th"]
[Site "Pinneberg"]
[Date "2012.06.21"]
[Round "1"]
[White "Mungard, Jens Uwe"]
[Black "Berking, Bernhard"]
[Result "0-1"]
[WhiteElo "1506"]
[BlackElo "1499"]
[PlyCount "34"]
[EventDate "2012.06.21"]
[EventType "swiss"]
[EventRounds "7"]
[EventCountry "GER"]
[SourceTitle "EXT 2013"]
[Source "ChessBase"]
[SourceDate "2012.11.22"]
[SourceVersion "1"]
[SourceVersionDate "2012.11.22"]
[SourceQuality "1"]

1. e4 c5 2. Nf3 d6 3. c3 Nc6 4. d4 cxd4 5. cxd4 Bg4 6. Be2 Qb6 7. d5 Ne5 8. Nxe5 Bxe2 9. Qxe2 dxe5 10. 0-0 e6 11. Nc3 exd5 12. exd5 Bd6 13. Be3 Qd8 14. f4 f6 15. fxe5 fxe5 16. Qb5+ Qd7 17. Rf8+ Bxf8 0-1

[Event "Pinneberg-ch"]
[Site "Pinneberg"]
[Date "2011.09.22"]
[Round "6"]
[White "Mungard, Jens Uwe"]
[Black "Kaland, Joachim"]
[Result "1-0"]
[WhiteElo "1478"]
[BlackElo "1557"]
[PlyCount "95"]
[EventDate "2011.08.18"]
[EventType "swiss"]
[EventRounds "7"]
[EventCountry "GER"]
[SourceTitle "CBM 144 Extra"]
[Source "ChessBase"]
[SourceDate "2011.10.28"]
[SourceVersion "1"]
[SourceVersionDate "2011.10.28"]
[SourceQuality "1"]

1. e4 e6 2. Nc3 d5 3. d4 Bb4 4. e5 c5 5. Be3 Qc7 6. Bb5+ Bd7 7. Bxd7+ Nxd7 8. Nge2 cxd4 9. Bxd4 Ne7 10. f4 Nf5 11. Bf2 0-0 12. 0-0 Bxc3 13. Nxc3 a6 14. Ne2 Rac8 15. c3 Nc5 16. Bxc5 Qxc5+ 17. Rf2 Rfd8 18. Nd4 Ne3 19. Qe2 Nc4 20. Raf1 Qc7 21. Kh1 g6 22. h4 Qe7 23. g3 Re8 24. Rh2 h5 25. Nf3 f6 26. Qd3 Kg7 27. b3 Nb6 28. exf6+ Qxf6 29. Ne5 Re7 30. Rg1 Nd7 31. g4 Nxe5 32. fxe5 Qxe5 33. gxh5 Qxh5 34. Rg5 Qh6 35. Qd4+ Kh7 36. Rhg2 e5 37. Qg4 Rg7 38. Qxc8 Qxh4+ 39. Kg1 Qe1+ 40. Kh2 Qe4 41. R5g4 Rg8 42. Qxg8+ Kxg8 43. Rxe4 dxe4 44. Rxg6+ Kf7 45. Rg4 Kf6 46. Rxe4 Kf5 47. Rh4 e4 48. Kg2 1-0

[Event "Pinneberg-ch"]
[Site "Pinneberg"]
[Date "2011.08.18"]
[Round "1"]
[White "Buehrmann, Torsten"]
[Black "Mungard, Jens Uwe"]
[Result "1-0"]
[WhiteElo "1810"]
[BlackElo "1478"]
[PlyCount "59"]
[EventDate "2011.08.18"]
[EventType "swiss"]
[EventRounds "7"]
[EventCountry "GER"]
[SourceTitle "CBM 144 Extra"]
[Source "ChessBase"]
[SourceDate "2011.10.28"]
[SourceVersion "1"]
[SourceVersionDate "2011.10.28"]
[SourceQuality "1"]

1. e4 e5 2. Bc4 Nf6 3. d3 d6 4. Nf3 h6 5. Nbd2 Nc6 6. c3 Be7 7. Nf1 Bd7 8. Ng3 Na5 9. Bb3 Nxb3 10. Qxb3 Qc8 11. 0-0 Be6 12. Qd1 c6 13. Re1 Qc7 14. Be3 b6 15. b4 Rd8 16. d4 Ng4 17. Bd2 d5 18. h3 dxe4 19. Nxe4 Nf6 20. Nxe5 Nxe4 21. Rxe4 0-0 22. Qe1 Kh7 23. Nxf7 Rxf7 24. Rxe6 Rdf8 25. f3 Bd6 26. Qe4+ Kg8 27. Re1 Bg3 28. Re2 Bh2+ 29. Kh1 Qg3 30. Rg6 1-0

[Event "Pinneberg op Seniors 11th"]
[Site "Pinneberg"]
[Date "2010.06.24"]
[Round "1"]
[White "Mania, Irmgard"]
[Black "Mungard, Jens Uwe"]
[Result "0-1"]
[WhiteElo "836"]
[BlackElo "1472"]
[PlyCount "94"]
[EventDate "2010.06.24"]
[EventType "swiss"]
[EventRounds "7"]
[EventCountry "GER"]
[SourceTitle "EXT 2011"]
[Source "ChessBase"]
[SourceDate "2010.11.26"]
[SourceVersion "1"]
[SourceVersionDate "2010.11.26"]
[SourceQuality "1"]

1. e4 e5 2. Nf3 d6 3. d3 Nf6 4. Nc3 Nc6 5. Be2 b6 6. b3 Bb7 7. Bg5 Be7 8. 0-0 h6 9. Bxf6 Bxf6 10. a4 0-0 11. Nd5 Nd4 12. c3 Nxf3+ 13. Bxf3 Bg5 14. g3 c6 15. h4 Bxh4 16. Ne3 Be7 17. Nf5 Bg5 18. c4 g6 19. Ne3 h5 20. Re1 Qd7 21. Kg2 Kg7 22. d4 exd4 23. Qxd4+ Bf6 24. Qd1 Bxa1 25. Qxa1+ f6 26. Rd1 Qe6 27. Qd4 Rad8 28. b4 Rh8 29. a5 c5 30. Qc3 Bxe4 31. Bxe4 Qxe4+ 32. f3 Qe6 33. Nd5 h4 34. Nxf6 Qxf6 35. Qxf6+ Kxf6 36. gxh4 Rxh4 37. Kg3 Rxc4 38. bxc5 bxc5 39. Rf1 Ke6 40. Re1+ Kd7 41. f4 Rf8 42. a6 Rfxf4 43. Kg2 Rc3 44. Kg1 Rc2 45. Rf1 Rg4+ 46. Kh1 Rgg2 47. Rg1 Rh2# 0-1

[Event "Pinneberg-ch"]
[Site "Pinneberg"]
[Date "2007.09.13"]
[Round "3"]
[White "Mungard, Jens Uwe"]
[Black "Hotze, Kurt"]
[Result "1-0"]
[WhiteElo "1493"]
[BlackElo "1598"]
[PlyCount "53"]
[EventDate "2007.08.30"]
[EventType "swiss"]
[EventRounds "7"]
[EventCountry "GER"]
[SourceTitle "CBM 120 Extra"]
[Source "ChessBase"]
[SourceDate "2007.11.01"]
[SourceVersion "1"]
[SourceVersionDate "2007.11.01"]
[SourceQuality "1"]

1. e4 c5 2. c3 g6 3. d4 cxd4 4. cxd4 e6 5. b3 Bg7 6. Nf3 Nc6 7. Be3 Nge7 8. Nc3 a6 9. Rc1 b5 10. Qd2 Bb7 11. Bd3 d5 12. e5 Nf5 13. Bxf5 exf5 14. 0-0 0-0 15. Bh6 Ne7 16. Bxg7 Kxg7 17. Ne2 Ng8 18. Nf4 Qe7 19. Rc5 Rac8 20. Rfc1 Qd7 21. Ng5 Qe7 22. Rxc8 Rxc8 23. Rxc8 Bxc8 24. Nxd5 Qd8 25. Nf4 Bb7 26. f3 h6 27. Nge6+ 1-0

[Event "Pinneberg-ch"]
[Site "Pinneberg"]
[Date "2007.09.06"]
[Round "2"]
[White "Stubbe, Werner"]
[Black "Mungard, Jens Uwe"]
[Result "1-0"]
[WhiteElo "1713"]
[BlackElo "1493"]
[PlyCount "51"]
[EventDate "2007.08.30"]
[EventType "swiss"]
[EventRounds "7"]
[EventCountry "GER"]
[SourceTitle "CBM 120 Extra"]
[Source "ChessBase"]
[SourceDate "2007.11.01"]
[SourceVersion "1"]
[SourceVersionDate "2007.11.01"]
[SourceQuality "1"]

1. Nc3 e5 2. Nf3 Nc6 3. d4 exd4 4. Nxd4 Nxd4 5. Qxd4 Nf6 6. Bg5 Be7 7. e4 0-0 8. h4 h6 9. e5 hxg5 10. hxg5 Ng4 11. Qxg4 Bxg5 12. f4 d6 13. Qxg5 Qxg5 14. fxg5 Re8 15. 0-0-0 Rxe5 16. g6 Bg4 17. gxf7+ Kxf7 18. Bc4+ Kf6 19. Rdf1+ Kg5 20. Rh7 g6 21. Rxc7 Re3 22. Rxb7 Kh4 23. Bd3 Kg3 24. Rbf7 Kxg2 25. Be4+ Kg3 26. Bxa8 1-0

[Event "Pinneberg-ch"]
[Site "Pinneberg"]
[Date "2007.08.30"]
[Round "1"]
[White "Mungard, Jens Uwe"]
[Black "Thielscher, Rene"]
[Result "0-1"]
[WhiteElo "1493"]
[BlackElo "1646"]
[PlyCount "60"]
[EventDate "2007.08.30"]
[EventType "swiss"]
[EventRounds "7"]
[EventCountry "GER"]
[SourceTitle "CBM 120 Extra"]
[Source "ChessBase"]
[SourceDate "2007.11.01"]
[SourceVersion "1"]
[SourceVersionDate "2007.11.01"]
[SourceQuality "1"]

1. e4 Nf6 2. Nc3 e5 3. Nf3 Bc5 4. h3 d6 5. Bc4 a6 6. a4 Nc6 7. d3 h6 8. 0-0 0-0 9. Ne2 Nh7 10. c3 Qf6 11. d4 Ba7 12. Be3 Bxh3 13. dxe5 dxe5 14. Bxa7 Rxa7 15. Nh2 Be6 16. Bxe6 Qxe6 17. f4 exf4 18. Rxf4 Ng5 19. Ng3 Rd8 20. Qe2 Ne7 21. Raf1 c6 22. Nf3 Nxf3+ 23. R1xf3 f6 24. Nh5 b5 25. Nxf6+ gxf6 26. Rxf6 Qe5 27. Qe1 Kh7 28. Qc1 Qc5+ 29. Kh1 Qh5+ 30. Kg1 Qc5+ 0-1

[Event "Pinneberg-ch"]
[Site "Pinneberg"]
[Date "2006.09.21"]
[Round "6.39"]
[White "Mungard, Jens Uwe"]
[Black "Aleanakian, Gabriel"]
[Result "1-0"]
[WhiteElo "1459"]
[BlackElo "1516"]
[PlyCount "63"]
[EventDate "2006.08.22"]
[EventType "swiss"]
[EventRounds "7"]
[EventCountry "GER"]
[SourceTitle "EXT 2007"]
[Source "ChessBase"]
[SourceDate "2006.11.23"]
[SourceVersion "1"]
[SourceVersionDate "2006.11.23"]
[SourceQuality "1"]

1. e4 c5 2. Nf3 Nc6 3. c3 d5 4. exd5 Qxd5 5. Be2 e5 6. d3 Nf6 7. c4 Qd6 8. Nc3 a6 9. h3 Be7 10. 0-0 0-0 11. Be3 Bf5 12. Na4 Nd4 13. Ne1 b5 14. Nc3 Nxe2+ 15. Qxe2 b4 16. Na4 Qc6 17. b3 Rad8 18. Nb2 e4 19. dxe4 Nxe4 20. Nd1 Bf6 21. Rc1 Qc8 22. Bf4 Rfe8 23. Qf3 Nd2 24. Bxd2 Rxd2 25. Ne3 Be4 26. Qg3 Rxa2 27. Ng4 Bg5 28. Rd1 Rd2 29. Rxd2 Bxd2 30. Nf6+ Kf8 31. Nxe8 Qxe8 32. Qd6+ 1-0

[Event "Pinneberg-ch"]
[Site "Pinneberg"]
[Date "2005.09.22"]
[Round "7"]
[White "Hotze, Kurt"]
[Black "Mungard, Jens Uwe"]
[Result "1-0"]
[WhiteElo "1646"]
[BlackElo "1473"]
[PlyCount "62"]
[EventDate "2005.08.11"]
[EventType "swiss"]
[EventRounds "7"]
[EventCountry "GER"]
[SourceTitle "EXT 2006"]
[Source "ChessBase"]
[SourceDate "2005.11.24"]
[SourceVersion "1"]
[SourceVersionDate "2005.11.24"]
[SourceQuality "1"]

1. e4 e5 2. Nf3 d6 3. d4 exd4 4. Nxd4 Nf6 5. Nc3 h6 6. Bc4 Be7 7. 0-0 0-0 8. Qd3 c5 9. Nf5 Bxf5 10. exf5 Nc6 11. Qh3 Kh7 12. Bf4 d5 13. Rad1 d4 14. Rfe1 Bd6 15. Bg3 Bxg3 16. hxg3 Qc7 17. Nd5 Nxd5 18. Bxd5 Rad8 19. Be4 f6 20. Qg4 Ne5 21. Qe2 b6 22. f4 Nf7 23. Qh5 Nh8 24. b3 b5 25. Qf3 Nf7 26. Bd5 Qa5 27. Re7 Nh8 28. Qg4 Rg8 29. Bxg8+ Rxg8 30. Rde1 d3 31. cxd3 Qc3 1-0

[Event "Pinneberg-ch"]
[Site "Pinneberg"]
[Date "2005.09.08"]
[Round "5"]
[White "Olschok, Juergen"]
[Black "Mungard, Jens Uwe"]
[Result "1-0"]
[WhiteElo "1722"]
[BlackElo "1473"]
[PlyCount "41"]
[EventDate "2005.08.11"]
[EventType "swiss"]
[EventRounds "7"]
[EventCountry "GER"]
[SourceTitle "EXT 2006"]
[Source "ChessBase"]
[SourceDate "2005.11.24"]
[SourceVersion "1"]
[SourceVersionDate "2005.11.24"]
[SourceQuality "1"]

1. e4 e5 2. d4 exd4 3. c3 dxc3 4. Bc4 d6 5. Nf3 h6 6. 0-0 Be7 7. Nxc3 Nf6 8. Qb3 0-0 9. e5 dxe5 10. Nxe5 Qe8 11. Re1 Bf5 12. Nb5 Bd6 13. Bf4 Ne4 14. Nxd6 cxd6 15. Nxf7 Rxf7 16. f3 Qd7 17. fxe4 Bg6 18. Qg3 Kh7 19. Bxf7 Bxf7 20. Rad1 d5 21. Bxb8 1-0

[Event "Pinneberg-ch"]
[Site "Pinneberg"]
[Date "2004.09.02"]
[Round "4"]
[White "Himmelstaub, Werner"]
[Black "Mungard, Jens Uwe"]
[Result "1-0"]
[WhiteElo "1694"]
[BlackElo "1541"]
[PlyCount "119"]
[EventDate "2004.08.12"]
[EventType "swiss"]
[EventRounds "7"]
[EventCountry "GER"]
[SourceTitle "EXT 2005"]
[Source "ChessBase"]
[SourceDate "2004.11.15"]
[SourceVersion "1"]
[SourceVersionDate "2004.11.15"]
[SourceQuality "1"]

1. c4 e5 2. Nc3 g6 3. Nf3 Bg7 4. g3 c6 5. Bg2 Ne7 6. e4 d5 7. cxd5 cxd5 8. exd5 Nxd5 9. 0-0 Bg4 10. Qa4+ Bd7 11. Qb3 Bc6 12. h4 Nxc3 13. bxc3 0-0 14. Ba3 Re8 15. Ng5 Qc7 16. Bxc6 Nxc6 17. Rae1 h6 18. Ne4 Rad8 19. Rd1 Na5 20. Qa4 a6 21. Bd6 Qc4 22. Qxc4 Nxc4 23. Bc5 f5 24. d3 Nb2 25. Nd6 Re6 26. Nxb7 Rxd3 27. Rxd3 Nxd3 28. Ba3 e4 29. c4 Rc6 30. Na5 Rc8 31. Rd1 Bd4 32. Kg2 Bb6 33. Nb3 Rxc4 34. Rd2 Rc7 35. Kf1 a5 36. Kg2 a4 37. Na1 Rd7 38. Re2 g5 39. hxg5 hxg5 40. f3 e3 41. Nc2 f4 42. g4 Ne5 43. Bb4 Rf7 44. Ne1 Nc4 45. Rc2 Rc7 46. Nd3 Rc6 47. Be7 Na5 48. Rxc6 Nxc6 49. Bxg5 Nd4 50. Bxf4 Nc2 51. Kf1 Kf7 52. Ne5+ Ke6 53. Nc4 Bc5 54. Nb2 a3 55. Nd3 Bd6 56. Bxd6 Kxd6 57. Ke2 Ke6 58. f4 Kf6 59. Nc1 Kg6 60. Kd3 1-0

[Event "Pinneberg-ch"]
[Site "Pinneberg"]
[Date "2004.08.19"]
[Round "2"]
[White "Mungard, Jens Uwe"]
[Black "Dangelowski, Peter"]
[Result "0-1"]
[WhiteElo "1541"]
[BlackElo "1735"]
[PlyCount "96"]
[EventDate "2004.08.12"]
[EventType "swiss"]
[EventRounds "7"]
[EventCountry "GER"]
[SourceTitle "EXT 2005"]
[Source "ChessBase"]
[SourceDate "2004.11.15"]
[SourceVersion "1"]
[SourceVersionDate "2004.11.15"]
[SourceQuality "1"]

1. e4 c5 2. c3 d6 3. d4 cxd4 4. cxd4 e6 5. Nc3 Be7 6. Be3 a6 7. Qc2 Bd7 8. f4 Nf6 9. h3 d5 10. e5 Nh5 11. Nge2 Bh4+ 12. Bf2 Bxf2+ 13. Kxf2 g6 14. g3 Nc6 15. a3 Ng7 16. b4 Nf5 17. Qd2 b5 18. Nd1 Qb6 19. Ne3 Nfxd4 20. Rd1 Nf5 21. g4 Nxe3 22. Qxe3 Qxe3+ 23. Kxe3 a5 24. Nd4 Nxd4 25. Kxd4 Ke7 26. Rc1 axb4 27. axb4 Ra4 28. Rb1 Rc8 29. Bd3 Rc7 30. Rb3 Rc8 31. Rhb1 Kd8 32. Rc3 Rxc3 33. Kxc3 Kc7 34. Kd4 Kb6 35. Rb3 Ra8 36. Be2 Rf8 37. Rf3 Ra8 38. Rb3 Ra2 39. Bd3 Rf2 40. Ke3 Rh2 41. Bf1 Rh1 42. Bg2 Rg1 43. Kf2 Rc1 44. Bf1 Bc6 45. Rd3 Rc4 46. Kg3 Rxb4 47. Rd1 h6 48. Ra1 Re4 0-1